Statistiques concernant 5 plus grandes villes par communauté autonome espagnole

Cliquez ici pour prendre le quiz!

Statistiques générales

  • Ce quiz a été pris 57 fois
  • Le résultat moyen est 23 sur 65

Statistiques - réponses

RégionVille
Population
(en milliers)
% Correct
CatalogneBarcelone1 620
98%
AndalousieSéville688
98%
Communauté de MadridMadrid3 223
96%
Communauté valencienneValence791
96%
Pays basqueBilbao345
92%
Malaga571
87%
AragonSaragosse666
81%
Grenade232
75%
MurcieMurcie447
75%
Îles BaléaresPalma de Majorque409
70%
Castille et LeónValladolid298
66%
Alicante331
64%
NavarrePampelune199
64%
GaliceVigo293
64%
CeutaCeuta85
62%
Cordoue325
62%
La Corogne244
62%
AsturiesGijón298
58%
MelillaMelilla86
58%
León124
57%
CantabrieSantander191
53%
Oviedo220
51%
Burgos175
49%
Elche230
43%
Saint Jacques de Compostelle96
43%
Salamanque143
40%
Huesca52
38%
Castille la MancheAlbacete173
32%
EstrémadureBadajoz150
32%
Santa Cruz de Tenerife204
32%
Jerez de la Frontera212
30%
Carthagène213
26%
Irun61
25%
Mérida59
25%
Toledo84
25%
Îles CanariesLas Palmas de Gran Canaria378
23%
Leganés188
21%
Caceres96
19%
Lugo98
19%
Palencia78
19%
Badalona217
17%
L'Hospitalet de Llobregat261
17%
Guadalajara84
15%
Orense105
15%
Castellon de la Plana170
13%
Barakaldo100
11%
Ciudad Real74
11%
Alcala de Henares193
9%
Aviles78
9%
Fuenlabrada193
9%
La RiojaLogrogne122
9%
Terrassa218
9%
Getxo78
8%
Orihuela101
8%
Sabadell211
8%
San Cristobal de La Laguna155
8%
Mostoles207
6%
Torrelavega60
6%
Arona75
4%
Lorca93
4%
Talavera de la Reina83
4%
Telde123
4%
Molina de Segura70
2%
Siero51
2%
Vitoria Sébastien249
0%

Distribution des résultats

Percentile par nombre de réponses

% des personnes avec chaque résultat

Votre développement - résultats

Vous n’avez pas pris ce quiz